000 00633nam a2200121Ia 4500
008 220620s9999||||xx |||||||||||||| ||und||
100 _aBammer, Gabriele
245 0 _aChange! Combining Analytic Approaches with Street Wisdom
546 _aEnglish[eng]
650 _achange||multidisciplinary||social science||Evolution||Sociology
856 _uhttps://library.oapen.org/bitstream/20.500.12657/33122/1/574052.pdf||https://library.oapen.org/bitstream/20.500.12657/33122/1/574052.pdf||https://library.oapen.org/bitstream/20.500.12657/33122/1/574052.pdf||https://library.oapen.org/bitstream/20.500.12657/33122/1/574052.pdf
942 _cEB
999 _c29725
_d29725